Tablice rejestracyjne miast/powiatów woj.zachodniopomorskie - Statystyki

Ogólne statystyki
  • Ten quiz został rozwiązany 787 razy
    771 od ostatniego zresetowania
  • Średni wynik to 20 z 21
Statystyki odpowiedzi
Miasto / powiat Rejestracja % Poprawnych
Koszalin ZK
100%
Szczecin ZS / ZZ
100%
powiat drawski ZDR
97%
powiat gryfiński ZGR
97%
powiat koszaliński ZKO
97%
Świnoujście ZSW
97%
powiat choszczeński ZCH
96%
powiat goleniowski ZGL
96%
powiat kołobrzeski ZKL
96%
powiat łobeski ZLO
96%
powiat policki ZPL
96%
powiat stargardzki ZST
96%
powiat białogardzki ZBI
95%
powiat kamieński ZKA
95%
powiat pyrzycki ZPY
95%
powiat sławieński ZSL
95%
powiat szczecinecki ZSZ
95%
powiat gryficki ZGY
94%
powiat myśliborski ZMY
94%
powiat wałecki ZWA
94%
powiat świdwiński ZSD
92%
Nie znaleziono quizów pasujących do podanych kryteriów
Rozkład punktacji
Procent ludzi z każdym wynikiem
Percentyl według liczby udzielonych odpowiedzi
Twoja historia wyników
Nie rozwiązałeś tego quizu od ostatniego zresetowania